International university cooperation in the era of globalisation proceedings on the occasion of the 10th anniversary of the establishment of the International programmes institute 2001 - 2011 : [10. 5. 2012, Bratislava, Slovensko]
Salvato in:
| Enti autori: | , |
|---|---|
| Altri autori: | , , |
| Natura: | Libro |
| Lingua: | inglese |
| Pubblicazione: |
Bratislava
Vydavateľstvo EKONÓM
2013
|
| Soggetti: | |
| Tags: |
Nessun Tag, puoi essere il primo ad aggiungerne!!
|
MARC
| LEADER | 00000nam a2200000 4500 | ||
|---|---|---|---|
| 001 | 0174179 | ||
| 005 | 20240502072953.6 | ||
| 020 | |a 978-80-225-3648-6 | ||
| 041 | 0 | |a eng | |
| 044 | |a SK | ||
| 245 | 1 | 0 | |a International university cooperation in the era of globalisation |b proceedings on the occasion of the 10th anniversary of the establishment of the International programmes institute 2001 - 2011 : [10. 5. 2012, Bratislava, Slovensko] |c edited by Jana Lenghardtová |
| 264 | 1 | |a Bratislava |b Vydavateľstvo EKONÓM |c 2013 | |
| 300 | |a 137 s. [6 AH] | ||
| 610 | 2 | 0 | |a vzdelávanie vysokoškolské |
| 610 | 2 | 0 | |a univerzity |
| 610 | 2 | 0 | |a školstvo |
| 610 | 2 | 0 | |a globalizácia |
| 610 | 2 | 0 | |a spolupráca medzinárodná |
| 700 | 1 | |a Lenghardtová, Jana | |
| 700 | 1 | |a Puškárová, Paula, 1985- | |
| 700 | 1 | |a Obadi, Saleh Mothana | |
| 110 | 2 | |a International university cooperation in the era of globalisation. Occasion of the 10th anniversary of the establishment of the International programmes institute | |
| 710 | 2 | |a Ekonomická univerzita v Bratislave. Ústav medzinárodných programov | |